Metal, Metalloid, Non-Metal, or None? - Statistics

General Stats
  • This quiz has been taken 2 times
  • The average score is 14 of 20
Answer Stats
Hint Answer % Correct
Gold Metal
100%
Cobalt Metal
100%
Uranium Metal
100%
Silver Metal
100%
Bronze None
100%
Petroleum None
100%
Water None
100%
Hydrogen Non-Metal
100%
Oxygen Non-Metal
100%
Carbon Non-Metal
100%
Calcium Metal
50%
Boron Metalloid
50%
Silicon Metalloid
50%
Arsenic Metalloid
50%
Brass None
50%
Plasma None
50%
Oganesson Non-Metal
50%
Selenium Non-Metal
50%
Antimony Metalloid
0%
Polonium Metalloid
0%
No matching quizzes found
Score Distribution
Percent of People with Each Score
Percentile by Number Answered
Your Score History
You have not taken this quiz